Jusqu'où irez vous ? #4 (Culture Générale) - Statistiques

Statistiques générales
  • Ce quiz a été pris 201 fois
  • Le résultat moyen est 11 sur 32
Statistiques - réponses
Hint Réponse % Correct
Footballeur brésilien né le 5 février 1992 : N??MAR EY
100%
Costume de scène de la danseuse classique = T?T? UU
96%
Nombre romain correspondant à deux = ?? II
94%
Nom communément donné à différents serpents constricteurs = B?? OA
94%
Shōnen manga écrit et dessiné par Kazuki Takahashi = ??-Gi-Oh! YU
81%
Créature anthropomorphe du folklore du Népal, de l'Inde, du Bhoutan et du Tibet = ??TI YE
76%
Entreprise de yaourt à boire en France lancé en 1974 = ??P YO
76%
Film de science-fiction américano-britannique écrit et réalisé par Steven Spielberg, sorti en 2001 : ?.?. Intelligence artificielle AI
63%
Code de l'IOWA = ?? IA
58%
Conjonction de coordination en français = ?? OU
48%
Dérivé de « oui », plus court avec un sens plus léger ou plus ironique selon la situation = ?? UI
48%
Symbole de l'Europium (élément chimique de numéro atomique 63) = ?? EU
46%
Initiales du physicien théoricien helvético-américain d'origine allemande (1878-1955), Prix Nobel de physique (1921) = ?? AE
42%
Cellules qui ont un rôle majeur de défense contre les infections, dans le système immunitaire = L?MPHOC?TE YY
34%
Marque d'Electronic Arts spécialisée dans les jeux vidéo sportifs = ?? Sports EA
20%
Abrégé du navigateur web ancien développé par la société américaine Microsoft, qui était préinstallé par défaut sur Windows = ?? IE
20%
Acronyme anglais signifiant « ovni » = ?F? UO
20%
Exclamation de surprise courante en Russie signifiant "Oh !" = ?? OY
13%
Domaine national internet du pays qui a Salto et Ciudad de la Costa comme principales villes hormis sa capitale = .?? UY
8%
Domaine national internet du pays qui a Tartu, Narva et Pärnu comme principales villes hormis sa capitale = .?? EE
7%
Abrégé de l'organisation djihadiste ayant proclamé en 2014 un califat en Irak et en Syrie = ?? EI
7%
Equipe cycliste WorldTeam italienne puis émiratie (1990-) = ??E Team Emirates XRG UA
7%
Fleuve côtier du nord de la France, dans la région Hauts-de-France, qui se jette dans la mer du Nord. Pour partie canalisé, il traverse les villes de Saint-Omer et Gravelines = ?? AA
6%
Sous-genre musical du punk rock originaire du Royaume-Uni à la fin des années 1970 = ??! OI
6%
Notation du petit roque aux échecs = ?-? OO
6%
Chanson d'OutKast, sortie en 2003 qui a connu un immense succès = Hey ??! YA
6%
Dans la mythologie polynésienne, dieu des nuages et l'ancêtre de Māori = ?? AO
5%
Commune suisse du canton de Saint-Gall (8 628 habitants en 2024) = ?? AU
5%
Nom de deux communes françaises :??-sur-Moselle (Moselle) Saint-?? (Loiret) AY
5%
Chanteuse de K-pop de son vrai nom Lee Ji-eun, née le 16 mai 1993 = ?? IU
5%
Groupe de rock français du début des années 1970, où jouaient Ramon Pipin, Vincent Lamy et Jacques Pradel mais aussi film de Jonathan Helpert sorti en 2019 avec Margaret Qualley = ?? IO
4%
Moine bouddhiste, voyageur et traducteur de la dynastie Tang (635-713) = ?? Jing YI
4%
Aucun quiz correspondant
Distribution des résultats
% des personnes avec chaque résultat
Percentile par nombre de réponses
Votre historique - résultats
Vous n’avez pas pris ce quiz